Manetho : a study in Egyptian chronology : how ancient scribes garbled an accurate chronology of dynastic Egypt /

محفوظ في:

المؤلف الرئيسي: Greenberg, Gary, 1943- (مؤلف)

مؤلفون آخرون: Gosline, Sheldon Lee.

التنسيق: كتاب

اللغة: English

منشور في: Warren Center, Pa. : Shangri-La Publications, c2003-2004.

سلاسل: Marco Polo monographs ; 8.

الموضوعات:

الوسوم: إضافة وسم

لا توجد وسوم, كن أول من يضع وسما على هذه التسجيلة!

رقم الطلب: DT83 .G73

LEADER 01112nam a22003137a 4500
003 OSt
005 20260210110838.0
008 260210t20032004pauaf g b 001 0 eng d
010 |a 2002013872 
020 |a 0971468370 
040 |c ARCE Library 
043 |a f-ua--- 
050 1 4 |a DT83  |b .G73 
100 1 |a Greenberg, Gary,   |d 1943-   |e author 
245 1 0 |a Manetho :   |b a study in Egyptian chronology : how ancient scribes garbled an accurate chronology of dynastic Egypt /   |c by Gary Greenberg, Sheldon Gosline. 
264 1 |a Warren Center, Pa. :   |b Shangri-La Publications,   |c c2003-2004. 
300 |a 234 pages :   |b illustrations (some color) ;   |c 27 cm. 
336 |a text  |b txt  |2 rdacontent 
337 |a unmediated  |b n  |2 rdamedia 
338 |a volume  |b nc  |2 rdacarrier 
490 1 |a Marco Polo monographs ;   |v 8. 
504 |a Includes bibliographical references and index. 
650 0 |a Chronology, Egyptian. 
651 0 |a Egypt  |x History  |y To 332 B.C.  |x Chronology. 
700 1 |a Gosline, Sheldon Lee.  |9 30958 
830 0 |a Marco Polo monographs ;   |v 8. 
901 |a reviewed 
942 |c BK  |2 lcc 
999 |c 23624  |d 23624